[Event "IV Niterói Chess Open 2024"]
[Site "Rio de Janeiro"]
[Date "2024.08.31"]
[Round "6"]
[White "Moreira, Everaldo Bonifacio"]
[Black "Nunes, Agatha Hurba"]
[Result "0-1"]
[WhiteElo "1709"]
[BlackElo "1906"]
[Annotator "Chessbase"]
[PlyCount "85"]
[EventDate "2024.08.28"]
[EventRounds "7"]
[EventCountry "BRA"]

1. d4 d5 2. Nf3 Nf6 3. g3 e6 4. Bg2 Be7 5. O-O O-O 6. b3 b6 7. Bb2 Bb7 8. Nbd2 Nbd7 9. c4 c5 10. Rc1 Rc8 11. e3 Ba6 ({RR} 11... Qc7 12. cxd5 exd5 13. dxc5 bxc5 14. Qc2 Qb6 15. Rfd1 Rfe8 16. Ne5 Nxe5 17. Bxe5 Qe6 18. Bb2 Red8 19. Re1 Ba6 20. e4 d4 21. Nc4 Bxc4 22. Qxc4 Qxc4 23. Rxc4 Nd7 24. Rd1 Nb6 25. Rcc1 Kf8 26. Bf1 {1-0 Ftacnik,L (2602)-Rozentalis,E (2564) Montreal 3rd 2002 (9)}) 12. Re1 ({RR} 12. Rc2 Ne4 13. Qa1 Ndf6 14. Nxe4 dxe4 15. Ne5 cxd4 16. Bxd4 b5 17. Rd1 Qc7 18. h3 Rfd8 19. Ng4 Nxg4 20. hxg4 f6 21. Bxe4 bxc4 22. bxc4 e5 23. Bb2 Rxd1+ 24. Qxd1 Rd8 25. Bd5+ Kh8 26. e4 Qa5 {0-1 Mitrovic,D (2220)-February,J (1818) Titled Tue 10th Oct Early 2023 (7)}) 12... cxd4 13. Nxd4 $146 ({RR} 13. exd4 Bb4 14. a3 Bxd2 15. Nxd2 Bb7 16. a4 Re8 17. Ba3 {½-½ Hulshof,P (2191)-Bosboom,H (1896) Goch op 21st 2010 (1)}) ({RR} 13. exd4 Bb4 14. a3 Bxd2 15. Nxd2 Re8 16. Bf1 dxc4 17. Nxc4 Nf8 18. Qf3 Re7 19. Qf4 Ng6 20. Qd6 Rd7 21. Qb4 Nd5 22. Qa4 Bb7 23. Ne5 Nxe5 24. dxe5 Rdc7 25. Rxc7 Rxc7 26. Qxa7 Bc6 27. Qa6 b5 {1-0 Dimov,I-Petrov,A Sofia MGU op 34th 2011 (2)}) ({RR} 13. exd4 Bd6 14. Ne5 Bb7 15. f4 Bb4 16. a3 Bxd2 17. Qxd2 Ne4 18. Qd1 f5 19. Bxe4 dxe4 20. Qe2 Qe7 21. Rcd1 Rfd8 22. Rd2 Nxe5 23. fxe5 g5 24. Qh5 f4 25. gxf4 gxf4 26. Rg2+ Kh8 27. d5 Rg8 {0-1 Snopek,J (2006)-Drastich,T Orlova op 3rd 2006 (4)}) 13... Nc5 14. Bf1 dxc4 15. Nxc4 Nd5 16. a3 Bf6 17. b4 Bxc4 18. Rxc4 Ne4 19. Rxc8 Qxc8 20. Qd3 Bxd4 21. Qxd4 Nef6 22. Rc1 Qb8 23. g4 Ne7 24. g5 Nf5 25. Qf4 Qxf4 26. exf4 Nd5 27. Rc4 Nh4 28. Be2 b5 29. Rc5 Nxf4 30. Bxb5 Rd8 31. Rc1 Nh3+ 32. Kf1 Nxg5 33. Be5 Nhf3 34. Bg3 h5 35. Be2 h4 36. Bf4 e5 37. Bxg5 Nxg5 38. Kg2 Rd2 39. Bb5 e4 40. Rc3 Ne6 41. Kh3 g5 42. Kg4 Rxf2 43. Bc4 0-1

[Event "IV Niterói Chess Open 2024"]
[Site "Rio de Janeiro"]
[Date "2024.08.31"]
[Round "6"]
[White "Prado Oliveira, Fellipe"]
[Black "Moreira, Paulo Vinicius Mace"]
[Result "1-0"]
[WhiteElo "1947"]
[BlackElo "1797"]
[Annotator "Chessbase"]
[PlyCount "69"]
[EventDate "2024.08.28"]
[EventRounds "7"]
[EventCountry "BRA"]

1. Nf3 Nf6 2. g3 d5 3. Bg2 e6 4. O-O Be7 5. d4 O-O 6. c4 b6 7. cxd5 exd5 8. Nc3 Bb7 9. Bd2 ({RR} 9. e3 c5 10. Ne5 Nc6 11. Nxc6 Bxc6 12. Bd2 cxd4 13. exd4 Bb4 14. Re1 Re8 {½-½ Hirneise,J (2277)-Jaivardhan,R (1901) Titled Tue 28th Mar Early 2023 (7)}) 9... Nbd7 10. Rc1 c5 11. e3 Re8 $146 ({RR} 11... Rc8 12. Re1 a6 13. h3 c4 14. Qc2 b5 15. a3 Re8 16. Nh2 b4 17. axb4 Bxb4 18. Ne2 a5 19. Nc3 Nb6 20. Nf3 Ne4 21. Nxe4 dxe4 22. Nh2 Qd6 23. Ra1 f5 24. Nf1 Bd5 25. Bc3 Qh6 26. Bxb4 {½-½ Sauer,R (1684)-Neumann,E (1794) Bad Woerishofen Seniors op 17th 2001 (8)}) ({RR} 11... Ne4 12. dxc5 Ndxc5 13. Qc2 Ba6 14. Rfd1 Bd3 15. Nxe4 Bxc2 16. Rxc2 Nxe4 17. Be1 Nf6 18. Ne5 Rc8 19. Nc6 Qd7 20. Bh3 Rxc6 21. Bxd7 Rxc2 22. Ba4 Rxb2 23. Bb3 Rc8 24. Bd2 a5 25. Bc1 Rb1 26. Bd2 {0-1 Kalofonos,P (1589)-Ladas,D (1690) GRE-ch U12 Kallithea 2010 (6)}) ({RR} 11... a6 12. Qb3 c4 13. Qc2 Bd6 14. Nh4 Re8 15. f4 b5 16. a3 Ne4 17. Rce1 Ndf6 18. Nf3 Nxc3 19. Bxc3 Ne4 20. Nd2 Nxd2 21. Bxd2 Qf6 22. Bc3 a5 23. e4 dxe4 24. Bxe4 Bxe4 25. Rxe4 b4 26. axb4 {½-½ Campos,O (1672)-Melo,S (1829) Joao Pessoa Fischer Memorial 10th 2019 (5)}) 12. Ne2 Ne4 13. h4 c4 14. Nc3 f5 15. a4 a6 16. b3 b5 17. axb5 Nxc3 18. Bxc3 axb5 19. bxc4 bxc4 20. Rb1 Qc7 21. Ne5 Nf6 22. Qc2 Ne4 23. Rb5 Ra3 24. Bb4 Ba6 25. Bxe7 Rxe7 26. Rxd5 g6 27. Bxe4 fxe4 28. Rc5 Qb8 29. Nc6 Qd6 30. Nxe7+ Qxe7 31. Rb1 c3 32. Qc1 Ra2 33. Qxc3 Qe6 34. Rb8+ Kf7 35. Rc7+ 1-0

[Event "IV Niterói Chess Open 2024"]
[Site "Rio de Janeiro"]
[Date "2024.09.01"]
[Round "7"]
[Board "13"]
[White "Garcia, Julio Cesar De Paiva"]
[Black "Oliveira, Olavo Tadeu Carvalho"]
[Result "1/2-1/2"]
[WhiteElo "2004"]
[BlackElo "1751"]
[Annotator "Chessbase"]
[PlyCount "30"]
[EventDate "2024.08.28"]
[EventRounds "7"]
[EventCountry "BRA"]

1. d4 Nf6 2. c4 e6 3. Nf3 b6 4. g3 Bb7 5. Bg2 Be7 6. O-O O-O 7. Nc3 Ne4 8. Qc2 Nxc3 9. Qxc3 c5 10. Be3 d6 11. dxc5 ({RR} 11. Rad1 Nd7 12. Ne1 Bxg2 13. Nxg2 Nf6 14. Qd3 Rc8 15. b3 Qc7 16. Bg5 cxd4 17. Qxd4 {½-½ Savon,V (2560)-Kuzmin,G (2535) Zonal Lvov 1978 (9)}) ({RR} 11. Rad1 Bf6 12. Qd3 Qe7 13. Ne1 Nc6 14. Nc2 Rfd8 15. b3 a6 16. f4 e5 17. fxe5 dxe5 18. d5 Nd4 19. Bc1 b5 20. e3 Ne6 21. Qe2 Nf8 22. e4 bxc4 23. bxc4 Nd7 24. Rd3 Nb6 25. Rdf3 Nc8 {1-0 Perez,D (2306)-Cantero,R (2070) 9th Floripa Open 2023 (6.18)}) 11... bxc5 12. Rfd1 Qc7 13. Rac1 $146 ({RR} 13. Rd2 Nd7 14. Ne1 Bxg2 15. Nxg2 Rfd8 16. Rad1 Nf6 17. Qc2 h6 18. f3 d5 19. cxd5 {½-½ Osterman,R-Parma,B Vidmar Memorial-03 1975 (13)}) 13... Nc6 14. a3 a5 15. b3 Rab8 1/2-1/2

[Event "IV Niterói Chess Open 2024"]
[Site "Rio de Janeiro"]
[Date "2024.08.28"]
[Round "1"]
[Board "25"]
[White "Azevedo Junior, Jose Ferreira"]
[Black "Motta, Vinicius Araujo Dias B."]
[Result "1-0"]
[WhiteElo "2057"]
[BlackElo "1736"]
[Annotator "Chessbase"]
[PlyCount "114"]
[EventDate "2024.08.28"]
[EventRounds "7"]
[EventCountry "BRA"]

1. c4 Nf6 2. Nc3 e6 3. d4 Bb4 4. Bd2 Bxc3 5. Bxc3 O-O 6. Nf3 d5 7. e3 Nbd7 8. Rc1 b6 9. Be2 Bb7 10. O-O c5 $146 ({RR} 10... dxc4 11. Bxc4 Nd5 12. Re1 N7f6 13. Bd3 Nxc3 14. bxc3 Bxf3 15. Qxf3 c5 16. Bc4 cxd4 17. cxd4 Rc8 18. h3 Rc7 19. Red1 Qe7 20. Bb3 Rfc8 21. Rxc7 Qxc7 22. e4 Rd8 23. e5 Nd5 24. Qe4 Nc3 25. Qc2 {0-1 Gomez Albamonte,S (1700)-Arroyo Morales,J (1923) Barcelona Sant Marti op-B 16th 2014 (5)}) 11. a3 Rc8 12. b4 cxd4 13. Bxd4 dxc4 14. Bxc4 Qe7 15. Qe2 Rfd8 16. Ba6 Bxf3 17. Qxf3 Rxc1 18. Rxc1 e5 19. Bb2 Nf8 20. Rd1 Rxd1+ 21. Qxd1 Qc7 22. Bd3 N8d7 23. h3 e4 24. Bb1 g6 25. Qd4 Qc6 26. Kf1 Qe6 27. Ke2 Kf8 28. Bc2 Ke7 29. Qd1 h5 30. Qb1 Qc4+ 31. Ke1 Qe6 32. Bd4 g5 33. a4 g4 34. hxg4 Qxg4 35. g3 Qf3 36. Qd1 Qh1+ 37. Kd2 Qg2 38. Qe2 Ng4 39. a5 bxa5 40. bxa5 Nxf2 41. Bxa7 Qxg3 42. Qxh5 Qd6+ 43. Bd4 Qb4+ 44. Bc3 Qd6+ 45. Ke2 Nd3 46. Qh4+ Nf6 47. Qxf6+ Qxf6 48. Bxf6+ Kxf6 49. Bxd3 exd3+ 50. Kxd3 Ke7 51. Ke4 Kd6 52. Kf5 Kc6 53. Kf6 Kb5 54. Kxf7 Kxa5 55. e4 Kb6 56. e5 Kc6 57. e6 Kd6 1-0

[Event "IV Niterói Chess Open 2024"]
[Site "Rio de Janeiro"]
[Date "2024.08.29"]
[Round "3"]
[Board "59"]
[White "Santiago, Mauro"]
[Black "Serrao, Carlos Frederico Pacheco"]
[Result "1/2-1/2"]
[WhiteElo "1711"]
[BlackElo "1509"]
[Annotator "Chessbase"]
[PlyCount "47"]
[EventDate "2024.08.28"]
[EventRounds "7"]
[EventCountry "BRA"]

1. d4 Nf6 2. c4 e6 3. Nc3 Bb4 4. Qc2 b6 5. a3 Bxc3+ 6. bxc3 Bb7 ({RR} 6... d6 7. f3 c5 8. e4 Nc6 9. Be3 Na5 10. Ne2 Ba6 11. dxc5 dxc5 12. Rd1 Qc7 13. Bf4 e5 14. Bg5 Nd7 15. Ng3 f6 16. Be3 O-O 17. Qa4 Rad8 18. Be2 Qc6 19. Qxc6 Nxc6 20. Rd6 Ndb8 21. Rxd8 {1-0 Ferriz Barrios,A (2102)-Vargas,M (2056) Titled Tue 7th Mar Late 2023 (9)}) 7. Bg5 ({RR} 7. f3 d5 8. Bg5 Nbd7 9. Nh3 O-O 10. e3 c5 11. cxd5 exd5 12. Bd3 h6 13. Bh4 Qe7 14. Bf5 g5 15. Bg3 Rfe8 16. Bf2 cxd4 17. cxd4 {1-0 Gagunashvili,M (2562)-Hamdani,R (2385) Dubai op 6th 2004 (2)}) 7... O-O 8. Nf3 d5 $146 ({RR} 8... Be4 9. Qd1 d6 10. e3 Nbd7 11. Nd2 Bb7 12. f3 Qe7 13. Bd3 Rfe8 14. e4 e5 15. d5 Qf8 16. O-O g6 17. Nb3 Nh5 18. Qd2 Ng7 19. Bh6 Qe7 20. Rae1 f6 21. g4 g5 22. h4 gxh4 23. g5 {0-1 Robertson,G (1437)-Dupree,C (1625) San Francisco TNM Spring op 2015 (7)}) 9. e3 Nbd7 10. cxd5 Bxd5 11. Be2 Rc8 12. O-O c5 13. Ne5 cxd4 14. exd4 Be4 15. Qxe4 Nxe4 16. Bxd8 Nxe5 17. dxe5 Rfxd8 18. Rac1 Rxc3 19. Rxc3 Nxc3 20. Ba6 Rd1 21. Rxd1 Nxd1 22. Kf1 Nc3 23. Ke1 Nd5 24. Kd2 1/2-1/2

[Event "IV Niterói Chess Open 2024"]
[Site "Rio de Janeiro"]
[Date "2024.08.29"]
[Round "3"]
[Board "9"]
[White "Garcia, Julio Cesar De Paiva"]
[Black "Ribeiro, Matheus Mendes Domingues"]
[Result "1/2-1/2"]
[WhiteElo "2004"]
[BlackElo "2244"]
[Annotator "Chessbase"]
[PlyCount "119"]
[EventDate "2024.08.28"]
[EventRounds "7"]
[EventCountry "BRA"]

1. d4 d5 2. c4 e6 3. Nc3 Nf6 4. cxd5 exd5 5. Bg5 Bb4 6. Qc2 c5 7. a3 Bxc3+ 8. bxc3 cxd4 ({RR} 8... Nc6 9. e3 h6 10. Bh4 g5 11. Bg3 Ne4 12. Bd3 Bf5 13. dxc5 h5 14. Ne2 h4 15. Bd6 Qf6 16. O-O h3 17. g4 Bg6 18. f4 Nxd6 19. cxd6 Rh4 20. f5 Rxg4+ 21. Ng3 Bh5 22. Kh1 Qxd6 23. e4 {0-1 Shuvalov,E (1993)-Mrudul,D (2036) Titled Tue 16th Jul Early 2024 (8)}) 9. cxd4 Nc6 10. e3 $146 ({RR} 10. Nf3 O-O 11. e3 Bg4 12. Be2 Rc8 13. Qd2 Ne4 14. Bxd8 Nxd2 15. Nxd2 Bxe2 16. Kxe2 Rfxd8 {½-½ Knezevic,M (2505)-Kuzmin,G (2535) Kiev 1978 (1)}) ({RR} 10. Nf3 Bg4 11. e3 h6 12. Bxf6 Qxf6 13. Be2 O-O 14. O-O Rfd8 15. h3 Bf5 16. Bd3 Bxh3 17. Rab1 Rab8 18. Ne5 Bd7 19. Nxd7 Rxd7 20. Qa4 Rd6 21. Rfc1 Qd8 22. Bb5 Na5 23. Rc3 a6 24. Bd3 b5 {½-½ Cherepanov,V (2285)-Shaydullina,S (2173) Voronezh op 16th 2012 (2)}) ({RR} 10. Bxf6 Qxf6 11. e3 O-O 12. Bd3 Re8 13. Ne2 g6 14. O-O Bd7 15. Qb3 Qd6 16. Rfc1 Na5 17. Qc3 Nc6 18. Qc5 Qxc5 19. Rxc5 Ne7 20. Nf4 Bc6 21. Rac1 a6 22. Be2 Rad8 23. Bf3 Rd6 24. Nd3 b6 {1-0 Mangold,T (1937)-Glawe,H (1908) Mecklenburg VP VL 1516 2015 (3.3)}) 10... Qa5+ 11. Ke2 Ne4 12. Bf4 Bf5 13. Qb2 Rc8 14. f3 Nxd4+ 15. exd4 Rc2+ 16. Qxc2 Nc3+ 17. Qxc3 Qxc3 18. Rd1 O-O 19. g4 Bc2 20. Rd2 f6 21. Kf2 g5 22. Ne2 Qb3 23. Bd6 Re8 24. Bb4 Bg6 25. Nc1 Qe3+ 26. Kg2 Re4 27. Bd3 Rf4 28. Rf1 a5 29. Bc3 Qe7 30. Bxg6 hxg6 31. Ne2 Qxa3 32. Rd3 b5 33. Nxf4 gxf4 34. Rfd1 b4 35. Be1 Qa2+ 36. R3d2 Qc4 37. Rb2 Qb5 38. Kf2 b3 39. Bxa5 Qxa5 40. Rdb1 Kg7 41. Ke2 Qc3 42. Rxb3 Qc2+ 43. Ke1 Qxh2 44. Kf1 Qd2 45. R1b2 Qxd4 46. Ke2 Qc4+ 47. Rd3 Kf7 48. Rbd2 Ke6 49. Kf2 Kd6 50. Rd4 Qc5 51. Ke2 Qb5+ 52. Kf2 Ke5 53. R4d3 d4 54. Re2+ Kd5 55. Red2 Qb6 56. Ke2 Ke5 57. Kf2 f5 58. g5 Qa7 59. Re2+ Kd5 60. Red2 1/2-1/2

[Event "IV Niterói Chess Open 2024"]
[Site "Rio de Janeiro"]
[Date "2024.08.30"]
[Round "4"]
[Board "29"]
[White "Oliveira, Israel Flavio Feliciano"]
[Black "Manzi, Luiz Antonio Bardaro"]
[Result "0-1"]
[WhiteElo "1839"]
[BlackElo "1980"]
[Annotator "Chessbase"]
[PlyCount "58"]
[EventDate "2024.08.28"]
[EventRounds "7"]
[EventCountry "BRA"]

1. d4 Nf6 2. c4 e6 3. Nc3 Bb4 4. Qc2 O-O 5. Nf3 c5 6. a3 Bxc3+ 7. Qxc3 cxd4 8. Nxd4 d5 9. Bg5 ({RR} 9. e3 e5 10. Nf3 Re8 11. Be2 Nc6 12. cxd5 Nxd5 13. Qd2 e4 14. Nd4 Qg5 15. g3 Ne5 16. h3 h5 17. b3 Bf5 18. Bb2 Bg6 19. h4 Qe7 20. O-O Rad8 21. Rac1 Qd7 22. Rfd1 Nd3 23. Rc4 Nf6 {1-0 Anastasian,A (2587)-Milov,V (2680) EU-ch 5th Antalya 2004 (5)}) ({RR} 9. e3 Nc6 10. Nxc6 bxc6 11. Be2 Rb8 12. O-O Ne4 13. Qc2 e5 14. Bd3 f5 15. b4 Be6 16. Bb2 Qc7 17. cxd5 Bxd5 18. Rac1 Rbe8 19. f3 Nf6 20. Bxf5 Qb6 21. Qc3 e4 22. fxe4 Bxe4 23. Bxe4 Rxe4 {1-0 Ambartsumova,K (2418)-Rees,I (2289) Titled Tue 21st Nov Late 2023 (11)}) 9... e5 10. Nf3 d4 11. Qc2 Nc6 $146 ({RR} 11... Bg4 12. Nxe5 Qa5+ 13. Qd2 Qxe5 14. f3 Be6 15. Rc1 Nc6 16. b4 Bd7 17. h4 Rfe8 18. Bf4 Qe6 19. g4 d3 20. e3 Nd4 {0-1 Molenda,M (2388)-Dobrowolski,P (2421) EU-ch blitz Katowice 2017 (7)}) ({RR} 11... h6 12. Bh4 Nc6 13. Rd1 Re8 14. b4 e4 15. Nd2 d3 16. Qc3 Nd4 17. Rc1 g5 18. Bg3 Nc2+ 19. Rxc2 dxc2 20. e3 a5 21. b5 Qe7 22. c5 Bg4 23. Bd6 Nd5 24. Qxc2 Qf6 25. Nxe4 Rxe4 26. Bc4 {0-1 Akbas,U (2141)-Rasulov,V (2478) Titled Tuesday intern op 25th May blitz 2021 (7)}) 12. e3 h6 13. Bxf6 Qxf6 14. exd4 exd4 15. Be2 Bf5 16. Bd3 Rfe8+ 17. Kf1 Bg4 18. Ne1 Ne5 19. f3 Nxd3 20. Nxd3 Bf5 21. Qd2 Bxd3+ 22. Qxd3 Re3 23. Qd2 Rae8 24. Rd1 d3 25. Qc3 Rxf3+ 26. Kg1 Qg5 27. h4 Qe3+ 28. Kh2 Rh3+ 29. gxh3 Qf2# 0-1

[Event "IV Niterói Chess Open 2024"]
[Site "Rio de Janeiro"]
[Date "2024.08.30"]
[Round "4"]
[Board "51"]
[White "Bonilla Viamonte, Diego Armando"]
[Black "Soares, Bruno Marins"]
[Result "1-0"]
[WhiteElo "1777"]
[BlackElo "1800"]
[Annotator "Chessbase"]
[PlyCount "85"]
[EventDate "2024.08.28"]
[EventRounds "7"]
[EventCountry "BRA"]

1. d4 Nf6 2. c4 e6 3. Nc3 Bb4 4. e3 Bxc3+ 5. bxc3 b6 6. Nf3 ({RR} 6. Bd3 d6 7. e4 Nc6 8. Ne2 Nd7 9. O-O Ba6 10. f4 Na5 11. Qa4 O-O 12. f5 Qe8 13. fxe6 fxe6 14. Bg5 Rxf1+ 15. Rxf1 Nf8 16. Qb4 c5 17. Qb1 Bxc4 18. e5 d5 19. dxc5 bxc5 20. Bxc4 Nxc4 {0-1 Moroni,L (2576)-Sjugirov,S (2712) Titled Tue 6th Dec Early 2022 (9)}) ({RR} 6. Bd3 Nc6 7. Ne2 Ba6 8. Ng3 Na5 9. Qe2 d5 10. e4 Bxc4 11. Bxc4 dxc4 12. O-O Qe7 13. Bg5 h6 14. Bxf6 Qxf6 15. e5 Qg6 16. Ne4 O-O 17. Rad1 Nc6 18. Ng3 b5 19. f4 Ne7 20. f5 Nxf5 {½-½ Vazquez,F (2338)-Lopez Azambuja,N (2321) URU-ch 92nd Montevideo 2022 (4)}) 6... Bb7 7. Bd3 O-O 8. Qc2 d5 $146 ({RR} 8... d6 9. e4 Nfd7 10. Bg5 f6 11. Bh4 e5 12. Rd1 Qe8 13. O-O Nc6 14. a3 Qf7 15. Bg3 Rae8 16. c5 dxc5 17. d5 Na5 18. c4 Ba6 19. Nh4 Nb7 20. Qa4 Nb8 21. f4 Qd7 22. Qc2 exf4 23. e5 {1-0 Rogers,B-Mitchell,S Lansing-ch MI op 1989}) 9. cxd5 exd5 10. O-O Ba6 11. Ne5 Bxd3 12. Qxd3 a5 13. f3 Re8 14. Qf5 Qd6 15. e4 c5 16. Nxf7 Kxf7 17. e5 Qe6 18. Qf4 g5 19. Qxg5 Ng8 20. f4 Qh6 21. Qg4 Qg6 22. Qf3 Qc6 23. f5 Kf8 24. f6 Re6 25. Qh3 Ra7 26. Bh6+ Nxh6 27. Qxh6+ Ke8 28. Qg5 Rf7 29. Qg8+ Rf8 30. Qxh7 Qd7 31. Qh5+ Qf7 32. Qf3 Rc6 33. Rac1 Na6 34. Qf5 Re6 35. Rf3 Rh8 36. Rg3 Rh5 37. Qf3 Rh7 38. Qxd5 Nc7 39. Qe4 Kd7 40. d5 Re8 41. e6+ Nxe6 42. dxe6+ Rxe6 43. Qb7+ 1-0

[Event "IV Niterói Chess Open 2024"]
[Site "Rio de Janeiro"]
[Date "2024.08.28"]
[Round "1"]
[Board "19"]
[White "Silva, Caio Henrique Angelico"]
[Black "Bonilla Viamonte, Diego Armando"]
[Result "1-0"]
[WhiteElo "2122"]
[BlackElo "1777"]
[Annotator "Chessbase"]
[PlyCount "79"]
[EventDate "2024.08.28"]
[EventRounds "7"]
[EventCountry "BRA"]

1. d4 Nf6 2. c4 e6 3. Nc3 Bb4 4. e3 Bxc3+ 5. bxc3 d6 6. Bd3 O-O 7. Ne2 Nbd7 8. O-O e5 9. e4 c5 ({RR} 9... Re8 10. Ng3 c5 11. d5 Nf8 12. Re1 Ng6 13. Nf1 Bg4 14. f3 Bd7 15. Ne3 Nh5 16. g3 Ne7 17. a4 g6 18. Ra2 Rf8 19. Rf2 Kh8 20. f4 exf4 21. gxf4 f5 22. e5 dxe5 23. fxe5 f4 24. Ng2 {1-0 Hamidov,A (2253)-Durarbayli,V (2626) Titled Tue 6th Aug Early 2024 (11)}) 10. d5 Re8 11. f3 Nf8 12. Qe1 $146 ({RR} 12. Bg5 h6 13. Be3 Ng6 14. Qd2 Qe7 15. Kh1 Rb8 16. g4 Nh7 17. Ng3 Ng5 18. Nh5 Nxf3 19. Qg2 Ng5 20. Rf2 b6 21. Raf1 Rb7 22. h3 a6 23. Rb1 Bd7 24. Rfb2 Reb8 25. Qf1 b5 26. a3 Qd8 {0-1 Wheeler,R-Sargos,P Olympiad-25 Luzern 1982 (4)}) 12... Ng6 13. g4 Nd7 14. Be3 Nh8 15. Kh1 g5 16. Qd2 f6 17. Ng3 Ng6 18. Nf5 Ndf8 19. Rg1 Nf4 20. h4 N8g6 21. hxg5 fxg5 22. Bc2 Kh8 23. Qh2 Rg8 24. Qh6 Bxf5 25. exf5 Nh4 26. Be4 Qf8 27. Qxf8 Raxf8 28. Rae1 Rf6 29. Kh2 Rh6 30. Kg3 Nhg2 31. Rxg2 Nxg2 32. Kxg2 Rf6 33. Rh1 h6 34. Kf2 Kg7 35. Ke2 b6 36. Bc2 Rh8 37. Kd3 Rf7 38. Ba4 Re7 39. Bxg5 hxg5 40. f6+ 1-0

[Event "IV Niterói Chess Open 2024"]
[Site "Rio de Janeiro"]
[Date "2024.08.29"]
[Round "3"]
[Board "2"]
[White "Silva, Caio Henrique Angelico"]
[Black "Quintiliano, Renato R."]
[Result "1/2-1/2"]
[WhiteElo "2122"]
[BlackElo "2499"]
[Annotator "Chessbase"]
[PlyCount "46"]
[EventDate "2024.08.28"]
[EventRounds "7"]
[EventCountry "BRA"]

1. d4 Nf6 2. c4 e6 3. Nc3 Bb4 4. e3 O-O 5. Bd3 c5 6. Nf3 b6 7. O-O Bb7 8. Bd2 d6 9. a3 Bxc3 10. Bxc3 Nbd7 11. Rc1 ({RR} 11. b4 Qc7 12. Bb2 Rfe8 13. Be2 e5 14. Rc1 cxd4 15. exd4 Nh5 16. c5 bxc5 17. bxc5 dxc5 18. dxc5 Nf4 19. Bc4 Qc6 20. Qb3 Re6 21. Bxe6 fxe6 22. Rfe1 Rf8 23. Re3 Rf6 24. a4 Rg6 25. g3 Nh3+ {1-0 Dreev,A (2650)-Epishin,V (2650) Tilburg blitz 1994 (3)}) ({RR} 11. Re1 Ne4 12. Qc2 f5 13. Nd2 Ndf6 14. f3 Nxc3 15. Qxc3 Rc8 16. e4 cxd4 17. Qxd4 e5 18. Qc3 f4 19. Rad1 g5 20. Bb1 h5 21. Qd3 Qe7 22. Ba2 Kh8 23. Nb1 Rcd8 24. Nc3 g4 25. Nd5 Bxd5 {0-1 Filindash,N (2214)-Saydaliev,S (2448) Titled Tue 21st May Early 2024 (4)}) 11... Rc8 12. b3 Qe7 13. Qe2 $146 ({RR} 13. Bb1 Ne4 14. Bb2 f5 15. Qe2 Ndf6 16. Nd2 Ng5 17. Rfd1 Rce8 18. Nf1 Ba8 19. f3 h5 20. Rd2 h4 21. h3 Nf7 22. Rcd1 g5 23. b4 cxd4 24. Bxd4 e5 25. Bb2 e4 26. fxe4 Bxe4 27. Bxe4 Nxe4 {½-½ Frisk,M (1898)-Andersson Fraenkel,M (2074) SWE-ch U18 Umea 2003 (9)}) 13... Ne4 14. Bb2 f5 15. Nd2 Nxd2 16. Qxd2 Qg5 17. f3 cxd4 18. Bxd4 e5 19. Bb2 Rf6 20. b4 Rg6 21. Rf2 Rf8 22. c5 bxc5 23. Bb5 Qe7 1/2-1/2

[Event "IV Niterói Chess Open 2024"]
[Site "Rio de Janeiro"]
[Date "2024.09.01"]
[Round "7"]
[Board "15"]
[White "Guimaraes, Wagner Peixoto"]
[Black "Nascimento, Kaio Vinicius Da Trindade"]
[Result "1/2-1/2"]
[WhiteElo "2119"]
[BlackElo "1693"]
[Annotator "Chessbase"]
[PlyCount "70"]
[EventDate "2024.08.28"]
[EventRounds "7"]
[EventCountry "BRA"]

{[%evp 0,10,31,-26,-2,-26,21,-22,0,24,36,37,36]} 1. c4 Nf6 2. Nc3 e6 3. d4 Bb4 4. Bd2 O-O 5. e3 d5 {[#]} {Relevant:} 6. Nf3 $146 c5 7. a3 Bxc3 8. Bxc3 Ne4 9. Rc1 Nxc3 10. Rxc3 cxd4 11. Qxd4 Nc6 12. Qd2 Qf6 13. cxd5 Rd8 14. Bb5 Rxd5 15. Bd3 Bd7 16. e4 Rh5 17. Be2 Be8 18. O-O Rd8 19. Qc1 Rh6 20. Rd1 e5 21. Rd5 Qe7 22. Bc4 Rhd6 23. Qe3 Bd7 24. Rxd6 Qxd6 25. Rd3 Qe7 26. Bd5 h6 27. h3 Rc8 28. b4 b6 29. Qd2 Kh7 30. Bxf7 Rc7 31. Bd5 a5 32. bxa5 bxa5 33. Rc3 a4 34. Qd1 Rc8 35. Kh2 Nd4 {1-0 Aronian,L (2729)-Nepomniachtchi,I (2767) Saint Louis Rapid 2024 (2)} 1/2-1/2

[Event "IV Niterói Chess Open 2024"]
[Site "Rio de Janeiro"]
[Date "2024.08.29"]
[Round "3"]
[Board "14"]
[White "Perdomo, Leandro"]
[Black "Nascimento, Kaio Vinicius Da Trindade"]
[Result "1/2-1/2"]
[WhiteElo "2359"]
[BlackElo "1693"]
[Annotator "Chessbase"]
[PlyCount "35"]
[EventDate "2024.08.28"]
[EventRounds "7"]
[EventCountry "BRA"]

1. d4 Nf6 2. c4 e6 3. Nc3 Bb4 4. e3 O-O 5. Bd3 b6 6. Nge2 Bb7 7. O-O d5 8. cxd5 exd5 9. Ng3 Re8 10. Bd2 ({RR} 10. a3 Bf8 11. b4 c6 12. Bb2 a5 13. Qb3 Nbd7 14. Rfc1 b5 15. Nce2 Nb6 16. Bc3 Nc4 17. a4 axb4 18. Bxb4 bxa4 19. Rxa4 Rxa4 20. Qxa4 Nb2 21. Qb3 Nxd3 22. Qxd3 Bxb4 23. Rb1 Qa5 24. Qb3 c5 {0-1 Antonica,D (2301)-Grandelius,N (2662) Titled Tuesday intern op 06th Oct blitz 2020 (1)}) ({RR} 10. a3 Bf8 11. b4 Nbd7 12. Rb1 a6 13. a4 a5 14. b5 Rc8 15. Qb3 h5 16. Ba3 h4 17. Nge2 Bxa3 18. Qxa3 Ne4 19. Nxe4 dxe4 20. Bc4 h3 21. g3 Qf6 22. Rfc1 g5 23. Nc3 c5 24. bxc6 Rxc6 {0-1 Silva,J (1957)-De Oliveira,G (2147) 10th Floripa Open 2024 (8.34)}) 10... Nbd7 11. Nce2 $146 ({RR} 11. Rc1 a6 12. Bb1 Rc8 13. Re1 Bd6 14. Nf5 Bf8 15. a3 g6 16. Ng3 Bd6 17. Ba2 Qe7 18. Qf3 Ne4 19. Ngxe4 dxe4 20. Qh3 Nf6 21. f4 Rcd8 22. Rf1 Bc8 23. Qh4 c5 24. Ne2 Be6 25. Bxe6 Qxe6 {1-0 Lokvenc,J-Mross,P Krakow/Warsaw 1941 (5)}) ({RR} 11. Rc1 Bf8 12. Re1 c5 13. b3 a6 14. dxc5 Nxc5 15. Bf1 Qd7 16. Qc2 Rac8 17. Qb1 Nce4 18. Ncxe4 Nxe4 19. Nxe4 dxe4 20. Qb2 Rxc1 21. Rxc1 Rc8 22. Rxc8 Qxc8 {½-½ Foltys,J-Platt,J Match/Nation CSR-AUT 1949 (1)}) ({RR} 11. Rc1 a6 12. a3 Bd6 13. Nf5 Bf8 14. Qf3 g6 15. Ng3 c5 16. Rfd1 b5 17. Qf4 Rc8 18. h4 h5 19. Qg5 Bg7 20. Nge2 c4 21. Bb1 Nf8 22. Nf4 Bc6 23. Be1 a5 24. e4 dxe4 25. d5 Bd7 {0-1 Brethes,F (2243)-Sethuraman,S (2623) Porticcio op 2nd 2015 (9)}) 11... Bf8 12. Rc1 a6 13. a4 c5 14. dxc5 Nxc5 15. Bb1 Nce4 16. Nd4 g6 17. Ba2 h5 18. Nxe4 1/2-1/2